Wer wäre Formel 1 Weltmeister geworden? - Statistiken

Allgemein
  • Dieses Quiz wurde 59 mal gespielt
  • Das Durchschnittsergebnis liegt bei 39 aus 76
Antwortstatistiken
Jahr Fahrer Echte Pos. % Korrekt
2007 Lewis Hamilton 2
93%
2003 Fernando Alonso 6
91%
1992 Michael Schumacher 3
91%
1999 Ralf Schumacher 6
91%
2009 Sebastian Vettel 2
91%
2016 Max Verstappen 5
89%
1982 Keke Rosberg 1
85%
2011 Nico Rosberg 7
85%
2021 Lando Norris 6
83%
1975 Niki Lauda 1
81%
2019 Charles Leclerc 4
80%
1987 Ayrton Senna 3
72%
2004 Jenson Button 3
72%
2023 Oscar Piastri 9
72%
2020 Carlos Sainz 6
70%
1951 Juan Manuel Fangio 1
70%
2006 Felipe Massa 3
69%
2022 George Russell 4
69%
2015 Valtteri Bottas 5
69%
2014 Daniel Ricciardo 3
65%
1994 Mika Häkkinen 4
65%
2017 Sergio Pérez 7
65%
1983 Alain Prost 2
63%
2002 Kimi Räikkönen 6
63%
1993 Damon Hill 3
61%
1979 Gilles Villeneuve 2
61%
1962 Graham Hill 1
61%
1996 Jacques Villeneuve 2
61%
2010 Mark Webber 3
61%
1981 Nelson Piquet 1
61%
2013 Nico Hülkenberg 10
61%
1961 Phil Hill 1
61%
2024 Pierre Gasly 10
61%
2025 Andrea Kimi Antonelli 7
59%
2000 Rubens Barrichello 4
56%
1995 David Coulthard 3
54%
1959 Jack Brabham 1
54%
1976 James Hunt 1
54%
1986 Nigel Mansell 2
54%
1952 Alberto Ascari 1
52%
1950 Giuseppe Farina 1
52%
1997 Heinz-Harald Frentzen 2
52%
1966 Jochen Rindt 3
50%
1972 Emerson Fittipaldi 1
48%
1965 Jackie Stewart 3
48%
2005 Giancarlo Fisichella 5
46%
1998 Eddie Irvine 4
41%
1988 Gerhard Berger 3
41%
1963 Jim Clark 1
41%
1974 Jody Scheckter 3
41%
2012 Romain Grosjean 8
41%
2001 Juan Pablo Montoya 6
37%
1977 Mario Andretti 3
37%
2008 Robert Kubica 4
37%
1980 Alan Jones 1
35%
1968 Jacky Ickx 4
35%
1960 Bruce McLaren 2
33%
2018 Kevin Magnussen 9
33%
1953 Mike Hawthorn 4
33%
1991 Jean Alesi 7
31%
1964 John Surtees 1
31%
1978 Carlos Reutemann 3
30%
1967 Denis Hulme 1
30%
1955 Stirling Moss 2
30%
1971 Ronnie Peterson 2
26%
1989 Riccardo Patrese 3
22%
1970 Clay Regazzoni 3
17%
1954 José Froilán González 2
15%
1956 Peter Collins 3
13%
1990 Thierry Boutsen 6
13%
1958 Tony Brooks 3
13%
1973 François Cevert 4
11%
1985 Michele Alboreto 2
11%
1984 Elio de Angelis 3
9%
1969 Jean-Pierre Beltoise 5
7%
1957 Luigi Musso 3
7%
Keine übereinstimmenden Quizze gefunden
Verteilung der Resultate
Anzahl Personen mit jedem Resultat
Perzentil nach korrekt beantworteten Fragen
Ihre Resultats-Entwicklung
Sie haben dieses Quiz noch nicht gespielt